Electricity and magnetism

The textbook covers all the standard introductory topics, such as electrostatics, magnetism, circuits, electromagnetic waves and electric and magnetic fields in matter. Taking a non-traditional approach, magnetism is derived as a relativistic effect. Mathematical concepts are introduced in parallel...

Полное описание

Сохранить в:
Библиографические подробности
Главный автор: Purcell, Edward M.
Формат:
Язык:Undetermined
Опубликовано: New York McGraw-Hill 1965
Предметы:
Метки: Добавить метку
Нет меток, Требуется 1-ая метка записи!
Thư viện lưu trữ: Trung tâm Học liệu Trường Đại học Cần Thơ
LEADER 00889nam a2200193Ia 4500
001 CTU_2353
008 210402s9999 xx 000 0 und d
082 |a 537 
082 |b P985/Vol.2 
100 |a Purcell, Edward M. 
245 0 |a Electricity and magnetism 
245 0 |c Edward M. Purcell 
260 |a New York 
260 |b McGraw-Hill 
260 |c 1965 
520 |a The textbook covers all the standard introductory topics, such as electrostatics, magnetism, circuits, electromagnetic waves and electric and magnetic fields in matter. Taking a non-traditional approach, magnetism is derived as a relativistic effect. Mathematical concepts are introduced in parallel with the physics topics at hand, making the motivations clear. 
650 |a Electricity,Magnetism,Từ học,Điện học 
904 |i Minh, Hải 
980 |a Trung tâm Học liệu Trường Đại học Cần Thơ